000 00702nam a2200229Ia 4500
003 OSt
005 20220923214759.0
006 a|||||r|||| 00| 0
007 ta
008 220922b |||||||| |||| 00| 0 hin d
024 _a172,680
037 _cTextual
040 _aARTS
_cARTS
_bhin
041 _2hin
_ahin
082 _aO152:3NMA1x11, L3
100 _aमटियानी, शैेलेश
245 0 _aपाप मुक्ति तथा अन्य कहानियां
246 _aPāp mukti tathā anya kahāniyāan
260 _c1973
942 _hO152:3NMA1x11, L3
_cTEXL
_2CC
999 _c326688
_d326688